Normal view MARC view
  • Matteo A.

Entry Personal Name

Number of records used in: 1

001 - CONTROL NUMBER

  • control field: 58820

003 - CONTROL NUMBER IDENTIFIER

  • control field:

005 - DATE AND TIME OF LATEST TRANSACTION

  • control field: 20210210161759.0

008 - FIXED-LENGTH DATA ELEMENTS

  • fixed length control field: 210210|| aca||aabn | a|a d

040 ## - CATALOGING SOURCE

  • Original cataloging agency:
  • Transcribing agency:

100 ## - HEADING--PERSONAL NAME

  • Personal name: Matteo A.
  • Personal name: Diaco E.
  • Personal name: Zani V.
  • Personal name: Palacio G.E.
  • Personal name: Gronchi M.
  • Personal name: Pesce F.
  • Personal name: Capantini L

670 ## - SOURCE DATA FOUND

  • Source citation: Work cat.: (): Papa Francesco 56461, Creato, Fraternità, pace. L'alleanza per educare, 2020
CREDITS: SOCIETA' SAN PAOLO Via A.Severo, 58 - ROMA (RM) & PERIODICI SAN PAOLO SRL Via Giotto, 36 MILANO & CISF Via Giotto, 36 MILANO & EDIZIONI SAN PAOLO SRL,  Piazza Soncino, 5 CINISELLO BALSAMO (MI) -- ITALY